[Event "Hamburg HSK Easter op"]
[Site "Hamburg"]
[Date "2025.04.19"]
[Round "3"]
[White "Busch, Lara Sophie"]
[Black "Skibbe, Kai"]
[Result "0-1"]
[WhiteElo "1652"]
[BlackElo "1840"]
[PlyCount "82"]
[EventDate "2025.04.18"]
[EventType "swiss"]
[EventRounds "7"]
[EventCountry "GER"]
[SourceTitle "CB20_2025"]
[SourceDate "2025.05.14"]
[SourceVersion "1"]
[SourceVersionDate "2025.05.14"]
[SourceQuality "1"]

1. e4 c6 2. d4 d5 3. exd5 cxd5 4. Bd3 Nc6 5. c3 Nf6 6. Bf4 Bg4 7. Qb3 Qd7 8. Nd2 e6 9. Ngf3 Bd6 10. Bxd6 Qxd6 11. 0-0 0-0 12. Rfe1 Nd7 13. Qc2 h6 14. h3 Bxf3 15. Nxf3 a6 16. b3 Rfc8 17. Qb2 Na5 18. Rac1 b5 19. Nd2 Nb6 20. Re3 Rc7 21. Bf1 Rac8 22. a3 Rc6 23. Nf3 Nd7 24. Nd2 Qc7 25. g3 Nb6 26. Kg2 Nb7 27. Nf3 Nd7 28. Nd2 Nd6 29. g4 Nf6 30. f3 Nd7 31. Nb1 Nf8 32. Bd3 f5 33. Rce1 Qd8 34. Qf2 Qf6 35. h4 R8c7 36. Kf1 Rf7 37. gxf5 Nxf5 38. Bxf5 Qxf5 39. Qg3 Ng6 40. Kf2 Nf4 41. Rh1 Qc2+ 0-1